000
00271nam a2200121Ia 4500
005
20251222143252.0
008
251222s9999||||xx |||||||||||||| ||spa||
082
_a
875.1/C61
100
_a
CicerĂ³n, Marco Tulio
245
0
_a
La Amistad
264
_b
GRAMBS
942
_c
LIB
999
_c
15004
_d
15004